000 00448nam a2200181Ia 4500
001 17177
005 20260306170406.0
008 260306t2000||||xx |||||||||||||| ||und||
041 _aESP
082 _a657.48
_bS22 T. 1
100 _aSánchez, Esteban Avelino
_eAUT
245 0 _aManual de cálculo de intereses texto impreso
260 _c2000
300 _a310 páginas :
_c
650 _aGEN
654 _aCCO
942 _cLIB
_dJUS
_fJUS
_2ddc
_n
999 _c17177
_d17177